[Event "Veletrzni turnaj 2017 A"]
[Site "SÅ  informatiky, poÅ¡tovnictvÃ"]
[Date "2017.09.02"]
[Round "8.3"]
[White "Stehlik, Jiri"]
[Black "Popper, Tomas"]
[Result "1/2-1/2"]
[WhiteElo "1956"]
[BlackElo "2025"]
[PlyCount "100"]
[EventDate "2017.08.27"]

1. c4 e5 2. Nc3 d6 3. g3 f5 4. Bg2 Nf6 5. d3 c6 6. Nf3 Be7 7. O-O Na6 8. Rb1
O-O 9. b4 Nc7 10. b5 Bd7 11. a4 Qe8 12. Ba3 d5 13. Bxe7 Qxe7 14. cxd5 cxd5 15.
d4 e4 16. Ne5 Nce8 17. Qb3 Be6 18. Rfc1 Nd6 19. e3 Rac8 20. Qb4 Rc7 21. Na2
Rfc8 22. Rxc7 Rxc7 23. Bf1 Nd7 24. Nxd7 Qxd7 25. Rc1 Kf7 26. Rc3 Rxc3 27. Qxc3
Qc8 28. Qc5 Qxc5 29. dxc5 Nc8 30. Nb4 Ke7 31. a5 Kd7 32. Be2 b6 33. cxb6 axb6
34. a6 Kc7 35. Bd1 Na7 36. Ba4 Kb8 37. Nc2 Bd7 38. Nd4 Kc7 39. Kf1 Kd6 40. Ke1
Kc5 41. Kd2 Kb4 42. Bb3 Kc5 43. Ba4 g6 44. Kc3 Kd6 45. Kb4 g5 46. Bd1 Ke5 47.
Bc2 f4 48. Kc3 fxe3 49. fxe3 h6 50. Kb4 Kd6 1/2-1/2

[Event "Veletrzni turnaj 2017 A"]
[Site "SÅ  informatiky, poÅ¡tovnictvÃ"]
[Date "2017.09.02"]
[Round "8.5"]
[White "Tikovsky, Alexandr"]
[Black "Haupt, Jaromir"]
[Result "1/2-1/2"]
[WhiteElo "2168"]
[BlackElo "1728"]
[PlyCount "130"]
[EventDate "2017.08.27"]

1. d4 Nf6 2. Bf4 g6 3. e3 Bg7 4. Nf3 Nh5 5. Bg5 d6 6. Na3 c6 7. c3 b5 8. Nc2 a6
9. Bh4 Nd7 10. Be2 Nb6 11. O-O O-O 12. b3 Bb7 13. Rb1 Qc7 14. Nd2 Nf6 15. Bg3
Nbd5 16. Qe1 Nxc3 17. Ra1 Nxe2+ 18. Qxe2 a5 19. Rfc1 Qb6 20. Rab1 Nd5 21. Ne1
b4 22. Nc4 Qa7 23. Qd2 Rfd8 24. Nf3 Nc3 25. Ra1 c5 26. d5 Bxd5 27. Nb2 Qa6 28.
Re1 Qc6 29. Rac1 Bxf3 30. gxf3 Qxf3 31. Nd1 h5 32. h4 Ne4 33. Qe2 Qxe2 34. Rxe2
Nxg3 35. fxg3 a4 36. Rd2 axb3 37. axb3 Ra3 38. Rxc5 Rxb3 39. Rb5 Be5 40. Kf2
Ra8 41. Rb7 Bf6 42. Ke2 Rc8 43. Nf2 Rcc3 44. Nd1 Rc4 45. Nf2 Ra3 46. Kf3 b3 47.
Ne4 Kg7 48. Rd3 Rc2 49. Rdxb3 Rxb3 50. Rxb3 d5 51. Nxf6 Kxf6 52. Rd3 Ke5 53.
Rd4 Rc4 54. Rd1 e6 55. Ra1 Kf5 56. Rf1 f6 57. Ke2+ Ke5 58. Kf3 Rg4 59. Ra1 g5
60. hxg5 fxg5 61. Rh1 Kf5 62. Rxh5 Ra4 63. Rh6 g4+ 64. Ke2 e5 65. Rh5+ Ke4
1/2-1/2

[Event "Veletrzni turnaj 2017 A"]
[Site "SÅ  informatiky, poÅ¡tovnictvÃ"]
[Date "2017.09.02"]
[Round "8.6"]
[White "Marsa, Alexandr"]
[Black "Meszaros, Ludek"]
[Result "0-1"]
[WhiteElo "1905"]
[BlackElo "2170"]
[PlyCount "82"]
[EventDate "2017.08.27"]

1. d4 g6 2. c4 Bg7 3. Nc3 d6 4. e3 Nf6 5. Be2 O-O 6. Nf3 Nbd7 7. O-O e5 8. b4
a5 9. bxa5 Rxa5 10. Qb3 e4 11. Nd2 Re8 12. Bb2 Nf8 13. Rfc1 h5 14. Nd5 Ng4 15.
h3 Nh6 16. Bc3 Ra8 17. Rd1 Rb8 18. Rab1 g5 19. Bxh5 g4 20. Nf4 gxh3 21. g3 Qg5
22. Be2 Ng6 23. Nxg6 Qxg6 24. Nf1 Bg4 25. Qc2 f5 26. Nh2 Bxe2 27. Qxe2 f4 28.
exf4 e3 29. Qf3 exf2+ 30. Kxf2 Qc2+ 31. Kg1 Re2 32. Nf1 Rg2+ 33. Kh1 Ng4 34.
Rb2 Nf2+ 35. Qxf2 Qxd1 36. Rd2 Qh5 37. Qe1 Re8 38. Qd1 Qxd1 39. Rxd1 Rxa2 40.
Rd2 Rxd2 41. Nxd2 Re3 0-1

[Event "Veletrzni turnaj 2017 A"]
[Site "SÅ  informatiky, poÅ¡tovnictvÃ"]
[Date "2017.09.02"]
[Round "8.8"]
[White "Hosek, Martin"]
[Black "Spodny, Josef"]
[Result "1-0"]
[WhiteElo "2122"]
[BlackElo "1889"]
[PlyCount "95"]
[EventDate "2017.08.27"]

1. d4 Nf6 2. c4 e6 3. Nf3 Bb4+ 4. Bd2 Qe7 5. Nc3 Bxc3 6. Bxc3 Ne4 7. Qc2 f5 8.
g3 b6 9. Bg2 Nxc3 10. Qxc3 Bb7 11. O-O O-O 12. Rac1 Be4 13. Rfd1 d6 14. c5 Nd7
15. cxd6 cxd6 16. Qc7 Rfe8 17. Nd2 Bxg2 18. Kxg2 Nf6 19. Qxe7 Rxe7 20. Rc6 Rd8
21. Nc4 Red7 22. Na3 Nd5 23. Rdc1 Kf7 24. Nb5 Ke7 25. f3 a6 26. Nc3 Nxc3 27.
R1xc3 Rb7 28. Rb3 Rdb8 29. e4 Kd7 30. d5 a5 31. Rb5 fxe4 32. fxe4 exd5 33. exd5
Ke7 34. Rb3 Kd7 35. Re3 Re8 36. Rxe8 Kxe8 37. Rxd6 Rc7 38. Rxb6 Rc2+ 39. Kh3 a4
40. Rb7 Kf8 41. d6 Ke8 42. Rxg7 Rxb2 43. Rxh7 Rxa2 44. Ra7 Rd2 45. Rxa4 Rxd6
46. Rf4 Rd2 47. g4 Ke7 48. Kg3 1-0

[Event "Veletrzni turnaj 2017 A"]
[Site "SÅ  informatiky, poÅ¡tovnictvÃ"]
[Date "2017.09.02"]
[Round "8.9"]
[White "Pribyl, Rene"]
[Black "Veznik, Michael"]
[Result "1/2-1/2"]
[WhiteElo "1988"]
[BlackElo "1797"]
[PlyCount "72"]
[EventDate "2017.08.27"]

1. d4 Nf6 2. c4 e6 3. Nc3 Bb4 4. Bd2 O-O 5. Qc2 d5 6. e3 b6 7. a3 Bxc3 8. Bxc3
Bb7 9. Nf3 Nbd7 10. cxd5 exd5 11. Bd3 Ne4 12. O-O h6 13. Rac1 c5 14. dxc5 Nxc3
15. Qxc3 bxc5 16. Bf5 d4 17. exd4 Bxf3 18. Qxf3 cxd4 19. Rfd1 Nb6 20. g3 Qg5
21. h4 Qf6 22. Be4 Qxf3 23. Bxf3 Rad8 24. Rc7 a5 25. Kf1 Rd6 26. b4 axb4 27.
axb4 Rfd8 28. Rd3 Nd7 29. Ra3 Ne5 30. Bd1 Rf6 31. Ke1 Rb8 32. Rb3 Rxb4 33. f4
Rxb3 34. Bxb3 Ng4 35. Rd7 h5 36. Rxd4 g6 1/2-1/2

[Event "Veletrzni turnaj 2017 A"]
[Site "SÅ  informatiky, poÅ¡tovnictvÃ"]
[Date "2017.09.02"]
[Round "8.12"]
[White "Blazek, Pavel"]
[Black "Krejci, Petr"]
[Result "0-1"]
[WhiteElo "1757"]
[BlackElo "2077"]
[PlyCount "128"]
[EventDate "2017.08.27"]

1. e4 d5 2. exd5 Qxd5 3. Nc3 Qa5 4. d4 Nf6 5. Nf3 Bg4 6. h3 Bh5 7. g4 Bg6 8.
Ne5 e6 9. Nc4 Qb4 10. h4 h5 11. Bd2 Qe7 12. Bg2 c6 13. Ne5 hxg4 14. Nxg6 fxg6
15. Bg5 Qb4 16. Bxf6 gxf6 17. Qxg4 Kf7 18. O-O-O Nd7 19. h5 gxh5 20. Rxh5 Bh6+
21. Kb1 f5 22. Qf3 Nf6 23. a3 Qd6 24. Rhh1 Bg7 25. Rhe1 Rh4 26. Qe2 Re8 27. Qd3
Rd8 28. Qe2 Nh5 29. Rh1 Nf4 30. Qf3 Rdh8 31. Rxh4 Rxh4 32. Bf1 Bf6 33. Qg3 b5
34. Ne2 Be7 35. Nxf4 Qxf4 36. Be2 Bd6 37. Qxf4 Rxf4 38. Bh5+ Kf6 39. Rd2 c5 40.
dxc5 Bxc5 41. Be8 b4 42. axb4 Bxb4 43. Rd7 Bc5 44. Rf7+ Ke5 45. Bd7 Rxf2 46.
Bc8 f4 47. Rc7 Kd6 48. Rd7+ Kc6 49. Rf7 e5 50. Ba6 Kd6 51. Bb7 Re2 52. Rf6+ Ke7
53. Rf5 Bd6 54. Ba6 Re1+ 55. Ka2 e4 56. Rh5 e3 57. Rh7+ Kd8 58. Rxa7 e2 59.
Bxe2 Rxe2 60. Ra6 Ke7 61. Kb3 f3 62. Ra5 Ke6 63. Rh5 f2 64. Rh6+ Kf7 0-1

[Event "Veletrzni turnaj 2017 A"]
[Site "SÅ  informatiky, poÅ¡tovnictvÃ"]
[Date "2017.09.02"]
[Round "8.13"]
[White "Macurek, Miloslav"]
[Black "Nezval, Filip"]
[Result "1-0"]
[WhiteElo "1854"]
[BlackElo "1640"]
[PlyCount "37"]
[EventDate "2017.08.27"]

1. e4 c6 2. Nc3 d5 3. Nf3 Bg4 4. h3 Bxf3 5. Qxf3 d4 6. Bc4 Nf6 7. e5 dxc3 8.
exf6 cxd2+ 9. Bxd2 e6 10. Bc3 Rg8 11. Bxe6 gxf6 12. Bxf6 Be7 13. Bxf7+ Kxf7 14.
Bxe7+ Kxe7 15. O-O Qf8 16. Qd3 Nd7 17. Rad1 Qe8 18. Qxh7+ Ke6 19. Rxd7 1-0

[Event "Veletrzni turnaj 2017 A"]
[Site "SÅ  informatiky, poÅ¡tovnictvÃ"]
[Date "2017.09.02"]
[Round "8.14"]
[White "Hruza, Dominik"]
[Black "Khadash, Samuel"]
[Result "1-0"]
[WhiteElo "1841"]
[BlackElo "1389"]
[PlyCount "99"]
[EventDate "2017.08.27"]

1. e4 c6 2. d4 d5 3. Nc3 dxe4 4. Nxe4 Bf5 5. Ng3 Bg6 6. h4 h6 7. Nf3 Nd7 8. h5
Bh7 9. Bd3 Bxd3 10. Qxd3 e6 11. Bf4 Qa5+ 12. Bd2 Qc7 13. O-O-O O-O-O 14. Ne4
Ngf6 15. g3 Nxe4 16. Qxe4 Nf6 17. Qe2 Bd6 18. c4 Rhe8 19. c5 Bf8 20. Bf4 Qa5
21. Kb1 Nd5 22. Ne5 Nxf4 23. gxf4 Qc7 24. b4 Rd5 25. Rd2 Red8 26. Rhd1 Kb8 27.
Kc1 Kc8 28. Qg4 f5 29. Qg6 Qe7 30. a4 Qf6 31. Kc2 Be7 32. Kc3 Qxg6 33. Nxg6 Bf6
34. Ne5 Bxe5 35. fxe5 f4 36. Rg1 R5d7 37. Rg6 Re7 38. f3 Rf8 39. Kd3 Rf5 40.
Rh2 Kd7 41. Ke4 Ke8 42. Rxe6 Rg5 43. Rg6 Rf7 44. Rxg5 hxg5 45. Rg2 Ke7 46. Rxg5
Ke6 47. Rg6+ Ke7 48. Rg4 Ke6 49. Rxf4 Rd7 50. Rg4 1-0

[Event "Veletrzni turnaj 2017 A"]
[Site "SÅ  informatiky, poÅ¡tovnictvÃ"]
[Date "2017.09.02"]
[Round "8.15"]
[White "Fryda, Dominik"]
[Black "Barak, David"]
[Result "1/2-1/2"]
[WhiteElo "1755"]
[BlackElo "1785"]
[PlyCount "52"]
[EventDate "2017.08.27"]

1. d4 d5 2. Nf3 e6 3. c4 Nf6 4. Nc3 Be7 5. cxd5 exd5 6. Bg5 c6 7. e3 O-O 8. Bd3
Nbd7 9. O-O Re8 10. Qc2 Nf8 11. Rab1 a5 12. a3 Ne4 13. Bxe7 Qxe7 14. b4 axb4
15. axb4 Nxc3 16. Qxc3 Bd7 17. b5 Reb8 18. Rfc1 f6 19. Qc2 Qd6 20. Nd2 g6 21.
h3 Ne6 22. bxc6 bxc6 23. Rxb8+ Rxb8 24. Nb3 Kf7 25. Nc5 Nxc5 26. Qxc5 Qxc5
1/2-1/2

[Event "Veletrzni turnaj 2017 A"]
[Site "SÅ  informatiky, poÅ¡tovnictvÃ"]
[Date "2017.09.02"]
[Round "8.16"]
[White "Khadash, Kamil"]
[Black "Hrdlicka, Vladan"]
[Result "0-1"]
[WhiteElo "1540"]
[BlackElo "1781"]
[PlyCount "61"]
[EventDate "2017.08.27"]

1. e4 c5 2. Nf3 e6 3. d4 cxd4 4. Nxd4 a6 5. Nc3 Qc7 6. a3 Nf6 7. Be3 Be7 8. f3
Nc6 9. Qd2 Ne5 10. Be2 b5 11. g4 Nc4 12. Bxc4 Qxc4 13. Nce2 Bb7 14. Ng3 d6 15.
Nh5 Nxh5 16. gxh5 Rc8 17. c3 h6 18. Rg1 Bf6 19. Rg4 Qc7 20. Kf2 d5 21. Kg2 dxe4
22. fxe4 Qe5 23. Rd1 Bxe4+ 24. Nf3 Rd8 25. Bd4 Bxf3+ 26. Kxf3 Qd5+ 27. Re4
Qxh5+ 28. Kg3 O-O 29. Rg4 e5 30. Qf2 exd4 31. Qxf6 0-1

[Event "Veletrzni turnaj 2017 A"]
[Site "SÅ  informatiky, poÅ¡tovnictvÃ"]
[Date "2017.09.02"]
[Round "8.17"]
[White "Rehurek, Karel"]
[Black "Glozar, Petr"]
[Result "0-1"]
[WhiteElo "1826"]
[BlackElo "1740"]
[PlyCount "84"]
[EventDate "2017.08.27"]

1. e4 c5 2. Nc3 Nc6 3. g3 g6 4. Bg2 Bg7 5. d3 Nf6 6. Be3 d6 7. Qc1 Ng4 8. Nge2
Nxe3 9. Qxe3 O-O 10. Qd2 Bg4 11. Rb1 Qc8 12. h3 Be6 13. Nd5 Re8 14. c3 Ne5 15.
f4 Nd7 16. g4 Nf6 17. Ne3 Bd7 18. Ng3 Bc6 19. g5 Nd7 20. h4 f6 21. Bh3 f5 22.
h5 e6 23. Bg2 Kf7 24. Kd1 Nb6 25. Kc2 Qd7 26. Rbe1 d5 27. exf5 exf5 28. Nd1
Rxe1 29. Rxe1 Re8 30. Rxe8 Qxe8 31. Qe3 Qxe3 32. Nxe3 Ke6 33. b3 Bxc3 34. Nexf5
gxf5 35. Bh3 Be1 36. Bxf5+ Kf7 37. g6+ Kg7 38. h6+ Kxh6 39. gxh7 Kg7 40. Nh5+
Kh8 41. Bg6 Nd7 42. f5 Nf8 0-1

[Event "Veletrzni turnaj 2017 A"]
[Site "SÅ  informatiky, poÅ¡tovnictvÃ"]
[Date "2017.09.02"]
[Round "8.19"]
[White "Vavrinkova, Anna"]
[Black "Prokop, Jiri"]
[Result "1/2-1/2"]
[WhiteElo "1596"]
[BlackElo "1701"]
[PlyCount "79"]
[EventDate "2017.08.27"]

1. e4 d6 2. d4 Nf6 3. Nc3 g6 4. g3 Bg7 5. Bg2 c6 6. Nf3 a6 7. O-O O-O 8. Bf4
Bg4 9. h3 Bxf3 10. Qxf3 Nh5 11. Be3 e5 12. dxe5 Bxe5 13. Bh6 Bg7 14. Bxg7 Kxg7
15. Rad1 Qc7 16. Rfe1 Nd7 17. b3 Rad8 18. Ne2 Ne5 19. Qe3 Kg8 20. c4 Ng7 21.
Nf4 Ne6 22. Nd3 Qe7 23. Rd2 Rd7 24. Red1 Rfd8 25. Nb4 f6 26. Nc2 c5 27. Qc3 Nc6
28. Ne3 Nc7 29. Nd5 Nxd5 30. exd5 Nd4 31. Kf1 Re8 32. Qd3 f5 33. Bf3 Qf6 34.
Kg2 Rde7 35. Rc1 Re5 36. Bd1 Re1 37. Qb1 Qe5 38. Bc2 Nxc2 39. Qxc2 Rxc1 40.
Qxc1 1/2-1/2

[Event "Veletrzni turnaj 2017 A"]
[Site "SÅ  informatiky, poÅ¡tovnictvÃ"]
[Date "2017.09.02"]
[Round "8.20"]
[White "Feldvabl, Vilem"]
[Black "Pelikan, Jaromir"]
[Result "0-1"]
[WhiteElo "1654"]
[BlackElo "1840"]
[PlyCount "41"]
[EventDate "2017.08.27"]

1. d4 Nf6 2. Bg5 g6 3. e3 Bg7 4. Nf3 O-O 5. Be2 d5 6. O-O c5 7. c3 Qb6 8. Qb3
c4 9. Qxb6 axb6 10. Nbd2 Nc6 11. b3 b5 12. Ne5 Nxe5 13. dxe5 Nd7 14. f4 f6 15.
exf6 exf6 16. Bh4 f5 17. Rfc1 Re8 18. Bf3 Nb6 19. Bf2 b4 20. Rc2 bxc3 21. Nf1
0-1

[Event "Veletrzni turnaj 2017 A"]
[Site "SÅ  informatiky, poÅ¡tovnictvÃ"]
[Date "2017.09.02"]
[Round "8.21"]
[White "Richter, Rudolf"]
[Black "Tajovsky, Matej"]
[Result "1/2-1/2"]
[WhiteElo "1251"]
[BlackElo "1657"]
[PlyCount "81"]
[EventDate "2017.08.27"]

1. e4 c5 2. d4 cxd4 3. c3 d3 4. Nf3 g6 5. Bxd3 Bg7 6. O-O Nc6 7. Be3 d6 8. Qe2
Nf6 9. Nbd2 O-O 10. Rfd1 Bd7 11. Nb3 Ng4 12. Rac1 Nxe3 13. Qxe3 Rc8 14. Nfd4 a6
15. Nxc6 Bxc6 16. Nd4 Qd7 17. Nxc6 Rxc6 18. Bc2 Rc5 19. Rd5 Rfc8 20. Rcd1 Qc7
21. Rxc5 Qxc5 22. Qxc5 Rxc5 23. Rd5 Rc6 24. f3 Kf8 25. Kf2 e6 26. Rd3 Ke7 27.
Bb3 b5 28. a3 a5 29. Ke2 Rc5 30. h3 b4 31. axb4 axb4 32. Kd2 Rb5 33. Kc2 bxc3
34. bxc3 Rc5 35. c4 f5 36. exf5 Rxf5 37. Re3 Kf6 38. Kd3 Rc5 39. Ke4 Bh6 40.
Re2 Re5+ 41. Kd3 1/2-1/2

[Event "Veletrzni turnaj 2017 A"]
[Site "SÅ  informatiky, poÅ¡tovnictvÃ"]
[Date "2017.09.02"]
[Round "8.22"]
[White "Dvorakova, Olga"]
[Black "Richterova, Julie"]
[Result "0-1"]
[WhiteElo "1678"]
[BlackElo "1715"]
[PlyCount "46"]
[EventDate "2017.08.27"]

1. d4 Nf6 2. c4 e5 3. dxe5 Ng4 4. Nf3 Bc5 5. e3 Nc6 6. Be2 Ncxe5 7. Nxe5 Nxe5
8. O-O O-O 9. Nd2 a5 10. Nf3 Qe7 11. b3 Ra6 12. Bb2 Nxf3+ 13. Bxf3 Rh6 14. Qd5
d6 15. Qe4 Be6 16. Qf4 c6 17. Rad1 f5 18. Bc3 Rf7 19. Be2 Rh4 20. Qf3 f4 21. g3
fxe3 22. gxh4 Rxf3 23. Bxf3 Bh3 0-1

[Event "Veletrzni turnaj 2017 A"]
[Site "SÅ  informatiky, poÅ¡tovnictvÃ"]
[Date "2017.09.02"]
[Round "8.23"]
[White "Habinova, Alice"]
[Black "Strelec, Ladislav"]
[Result "0-1"]
[WhiteElo "1393"]
[BlackElo "1551"]
[PlyCount "70"]
[EventDate "2017.08.27"]

1. e4 e6 2. d4 d5 3. Nc3 c5 4. Nf3 Nc6 5. Bb5 a6 6. exd5 axb5 7. dxc6 bxc6 8.
Be3 Qb6 9. O-O Nf6 10. Qd3 Ba6 11. dxc5 Qa5 12. Ne2 b4 13. Qd2 Rd8 14. Qe1 Bxc5
15. a3 Qb6 16. Bxc5 Qxc5 17. axb4 Qb6 18. c3 O-O 19. Rd1 Nd5 20. Rd2 f6 21.
Nfd4 Rfe8 22. Qc1 e5 23. Nb3 Nf4 24. c4 Rxd2 25. Qxd2 Bxc4 26. Nbc1 Rd8 27. Qe1
Nd5 28. b3 Bb5 29. Kh1 c5 30. bxc5 Qxc5 31. Qa5 Rd7 32. Rd1 Qc6 33. Ng3 Nf4 34.
Rg1 Rc7 35. h3 Nxh3 0-1

[Event "Veletrzni turnaj 2017 A"]
[Site "SÅ  informatiky, poÅ¡tovnictvÃ"]
[Date "2017.09.02"]
[Round "8.24"]
[White "Ivan, Laszlo"]
[Black "Koci, Milos"]
[Result "1-0"]
[WhiteElo "1482"]
[BlackElo "1302"]
[PlyCount "59"]
[EventDate "2017.08.27"]

1. e4 c5 2. Nc3 e6 3. g3 a6 4. Bg2 d6 5. d3 Qc7 6. f4 Nd7 7. Nf3 b6 8. O-O Bb7
9. Bd2 g6 10. Rf2 Bg7 11. Qe2 Ngf6 12. Raf1 Ng4 13. h3 Nxf2 14. Qxf2 O-O 15. g4
Nf6 16. f5 exf5 17. gxf5 c4 18. Qh4 cxd3 19. cxd3 Rae8 20. Bh6 b5 21. Ng5 Qc5+
22. Kh1 Qd4 23. fxg6 Nd7 24. gxf7+ Kh8 25. fxe8=Q Rxe8 26. Bxg7+ Qxg7 27. Rf7
Qg6 28. Qxh7+ Qxh7 29. Rxh7+ Kg8 30. Rxd7 1-0

[Event "Veletrzni turnaj 2017 A"]
[Site "SÅ  informatiky, poÅ¡tovnictvÃ"]
[Date "2017.09.02"]
[Round "8.25"]
[White "Vaculik, Martin"]
[Black "Zejda, Karel"]
[Result "0-1"]
[WhiteElo "1400"]
[BlackElo "1671"]
[PlyCount "136"]
[EventDate "2017.08.27"]

1. d4 d5 2. c4 e6 3. Nc3 Nf6 4. cxd5 exd5 5. Bg5 Be7 6. e3 Nbd7 7. Bd3 c6 8.
Nf3 h6 9. Bh4 O-O 10. Qc2 Re8 11. O-O b6 12. Rfd1 Bb7 13. Rac1 a6 14. Bg3 Bf8
15. h3 Rc8 16. Qe2 b5 17. a3 g6 18. b4 Bg7 19. Qc2 Nf8 20. Bh2 Ra8 21. Ne5 N6d7
22. Nxd7 Qxd7 23. Ne2 Qe7 24. Qc5 Qd7 25. Qc2 a5 26. Ra1 axb4 27. axb4 Qe7 28.
Qb2 Rxa1 29. Rxa1 Ra8 30. Rxa8 Bxa8 31. Qa3 Qb7 32. Nc3 Ne6 33. Bd6 Bf8 34.
Bxf8 Nxf8 35. Nb1 Ne6 36. Nd2 Nc7 37. Nb3 Qa6 38. Na5 Ne6 39. Qa1 Nd8 40. Nb3
Qxa1+ 41. Nxa1 Ne6 42. Nc2 Nc7 43. Kf1 Bb7 44. Ke1 Na8 45. Kd2 Nb6 46. Na3 Nc4+
47. Nxc4 bxc4 48. Bc2 Ba6 49. Ba4 Bb5 50. Bc2 Kg7 51. Ke2 f6 52. f3 f5 53. f4
Kf6 54. Kf2 g5 55. g3 gxf4 56. gxf4 Ba6 57. Kg3 Bc8 58. h4 Kg6 59. Bd1 Ba6 60.
Bc2 Bb5 61. Kh3 c3 62. Kg3 Be2 63. Kh3 Bf3 64. Kg3 Be4 65. Bd1 h5 66. Kf2 c2
67. Bxc2 Bxc2 68. Ke1 Kf6 0-1

[Event "Veletrzni turnaj 2017 A"]
[Site "SÅ  informatiky, poÅ¡tovnictvÃ"]
[Date "2017.09.03"]
[Round "9.1"]
[White "Stehlik, Jiri"]
[Black "Mikes, Jan"]
[Result "1/2-1/2"]
[WhiteElo "1956"]
[BlackElo "2233"]
[PlyCount "74"]
[EventDate "2017.08.27"]

1. Nf3 Nf6 2. d4 g6 3. g3 Bg7 4. Bg2 O-O 5. O-O d6 6. c3 Nbd7 7. Nbd2 e5 8.
dxe5 dxe5 9. e4 Qe7 10. Re1 b6 11. b3 Ba6 12. Qc2 Rfd8 13. Bf1 Bxf1 14. Nxf1
Qe6 15. Ba3 a5 16. Kg2 a4 17. h3 h6 18. N1d2 Nh7 19. Nf1 Ng5 20. Nxg5 hxg5 21.
Ne3 Nf6 22. f3 b5 23. Rad1 Rxd1 24. Qxd1 Qb6 25. Qd2 c6 26. Nc2 Rd8 27. Qe2 Bf8
28. Bxf8 Rxf8 29. Qe3 Qxe3 30. Nxe3 axb3 31. axb3 Rd8 32. Rd1 Ra8 33. Rd2 Ra1
34. Rd6 Ra2+ 35. Kg1 Nh5 36. Nf1 Ra3 37. Rxc6 Rxb3 1/2-1/2

[Event "Veletrzni turnaj 2017 A"]
[Site "SÅ  informatiky, poÅ¡tovnictvÃ"]
[Date "2017.09.03"]
[Round "9.2"]
[White "Romanov, Sergey"]
[Black "Popper, Tomas"]
[Result "1/2-1/2"]
[WhiteElo "2111"]
[BlackElo "2025"]
[PlyCount "27"]
[EventDate "2017.08.27"]

1. e4 e5 2. Nf3 d6 3. d4 exd4 4. Nxd4 Nf6 5. Nc3 c6 6. Be2 Be7 7. O-O O-O 8. f4
Re8 9. Bf3 Bf8 10. Re1 Qc7 11. Kh1 Nbd7 12. Be3 Nc5 13. Bf2 Ne6 14. Nxe6
1/2-1/2

[Event "Veletrzni turnaj 2017 A"]
[Site "SÅ  informatiky, poÅ¡tovnictvÃ"]
[Date "2017.09.03"]
[Round "9.3"]
[White "Meszaros, Ludek"]
[Black "Hajek, Oskar"]
[Result "0-1"]
[WhiteElo "2170"]
[BlackElo "2116"]
[PlyCount "78"]
[EventDate "2017.08.27"]

1. e4 d6 2. d4 Nf6 3. Nc3 Nbd7 4. g3 e5 5. Nge2 c6 6. Bg2 Be7 7. O-O O-O 8. h3
b5 9. a4 b4 10. Na2 a5 11. Be3 Ba6 12. Re1 d5 13. f3 Re8 14. c3 Bf8 15. exd5
Nxd5 16. Bf2 c5 17. dxc5 Nxc5 18. Nac1 bxc3 19. bxc3 Rc8 20. Qc2 Qg5 21. Rd1
Red8 22. h4 Qh6 23. f4 e4 24. Bxe4 Nxe4 25. Qxe4 Bb7 26. Nd3 Nxc3 27. Qxb7
Nxe2+ 28. Kf1 Nc3 29. Rdc1 Rb8 30. Qf3 Bb4 31. Ne5 Qa6+ 32. Kg2 Rbc8 33. Rc2 f6
34. Ng4 Rd3 35. Ne3 Re8 36. Re1 Nxa4 37. Rc7 Bxe1 38. Qh5 Qe6 39. Ng4 Qd5+ 0-1

[Event "Veletrzni turnaj 2017 A"]
[Site "SÅ  informatiky, poÅ¡tovnictvÃ"]
[Date "2017.09.03"]
[Round "9.4"]
[White "Chudinovskikh, Alexander M"]
[Black "Zpevakova, Jana"]
[Result "1-0"]
[WhiteElo "2217"]
[BlackElo "2134"]
[PlyCount "49"]
[EventDate "2017.08.27"]

1. d4 Nf6 2. Nf3 d5 3. Bf4 c5 4. e3 e6 5. Nbd2 a6 6. c3 b6 7. Bd3 Bb7 8. O-O h6
9. Ne5 Nbd7 10. Qe2 g5 11. Bg3 Ne4 12. f4 Nxg3 13. hxg3 Qe7 14. e4 gxf4 15.
gxf4 Nxe5 16. fxe5 c4 17. Bc2 O-O-O 18. exd5 exd5 19. Qh5 Rg8 20. Rxf7 Qe8 21.
Raf1 Kb8 22. Qf5 Bc8 23. Qf6 Be6 24. Bg6 Qc6 25. Qxd8+ 1-0

[Event "Veletrzni turnaj 2017 A"]
[Site "SÅ  informatiky, poÅ¡tovnictvÃ"]
[Date "2017.09.03"]
[Round "9.5"]
[White "Hosek, Martin"]
[Black "Tikovsky, Alexandr"]
[Result "1/2-1/2"]
[WhiteElo "2122"]
[BlackElo "2168"]
[PlyCount "44"]
[EventDate "2017.08.27"]

1. d4 g6 2. c4 Bg7 3. Nc3 d6 4. e4 Nd7 5. Be3 e5 6. Nge2 Ne7 7. Qd2 O-O 8. f3
f5 9. d5 a6 10. Nc1 Nf6 11. Be2 c5 12. dxc6 bxc6 13. O-O fxe4 14. fxe4 Ng4 15.
Rxf8+ Bxf8 16. Bxg4 Bxg4 17. Nd3 Qc7 18. Rf1 Be6 19. b3 Bg7 20. Na4 Rf8 21.
Rxf8+ Bxf8 22. Bb6 Qb8 1/2-1/2

[Event "Veletrzni turnaj 2017 A"]
[Site "SÅ  informatiky, poÅ¡tovnictvÃ"]
[Date "2017.09.03"]
[Round "9.7"]
[White "Haupt, Jaromir"]
[Black "Snorek, Milan"]
[Result "0-1"]
[WhiteElo "1728"]
[BlackElo "1984"]
[PlyCount "194"]
[EventDate "2017.08.27"]

1. e4 c5 2. Nc3 e6 3. g3 d5 4. exd5 exd5 5. Qe2+ Be7 6. Bg2 Nf6 7. Nf3 O-O 8.
d4 Bg4 9. Qd3 c4 10. Qd1 Nc6 11. O-O Ne4 12. Re1 f5 13. Ne2 Bf6 14. c3 b5 15.
Nd2 Ng5 16. Qc2 Re8 17. f3 Bh5 18. h4 Nf7 19. Qd1 g5 20. hxg5 Bxg5 21. Nf1 Qd6
22. Bf4 Qf6 23. Be5 Ncxe5 24. dxe5 Qb6+ 25. Kh2 Qh6 26. Kg1 Be3+ 27. Nxe3 Qxe3+
28. Kh2 Qh6 29. Kg1 Rxe5 30. f4 Rxe2 31. Rxe2 Bxe2 32. Qxe2 Rd8 33. Rd1 Qb6+
34. Kf1 d4 35. cxd4 Rxd4 36. Bd5 Rxd1+ 37. Qxd1 Qe3 38. Bxf7+ Kxf7 39. Qh5+ Ke7
40. Qxh7+ Kd8 41. Qg8+ Kc7 42. Qf7+ Kb6 43. Qf6+ Ka5 44. Qd8+ Qb6 45. Qd5 Qe3
46. Qd8+ Ka6 47. Qf6+ Kb7 48. Qf7+ Kc6 49. Qf6+ Kc7 50. Qf7+ Kd8 51. Qf6+ Ke8
52. Qg6+ Ke7 53. Qg7+ Kd6 54. Qf6+ Qe6 55. Qd4+ Qd5 56. Qf6+ Kc5 57. Qe7+ Kb6
58. Qe3+ Kc6 59. Qe8+ Qd7 60. Qa8+ Kb6 61. Qb8+ Ka5 62. Qe5 Qd1+ 63. Kf2 Qd2+
64. Kf3 Ka4 65. Qf6 Qd3+ 66. Kf2 a5 67. Qe5 Qc2+ 68. Kf3 Qd1+ 69. Kf2 Qd7 70.
Qe3 Qd6 71. Qc3 b4 72. Qc2+ Kb5 73. Qxf5+ Kb6 74. Qe4 Qd2+ 75. Qe2 Qd5 76. Qe3+
Ka6 77. g4 a4 78. f5 c3 79. bxc3 Qxa2+ 80. Kf3 bxc3 81. Qd3+ Kb6 82. Qd6+ Kb5
83. Qb8+ Kc5 84. Qa7+ Kb4 85. Qb6+ Ka3 86. Qd6+ Kb2 87. Qd4 Qb3 88. f6 Ka2 89.
Ke4 c2 90. Qf2 Qc4+ 91. Kf5 Kb1 92. Qb6+ Ka1 93. Qg1+ c1=Q 94. Qxc1+ Qxc1 95.
g5 Qc2+ 96. Ke6 Qg6 97. Ke7 Qxg5 0-1

[Event "Veletrzni turnaj 2017 A"]
[Site "SÅ  informatiky, poÅ¡tovnictvÃ"]
[Date "2017.09.03"]
[Round "9.8"]
[White "Krejci, Petr"]
[Black "Hruza, Dominik"]
[Result "0-1"]
[WhiteElo "2077"]
[BlackElo "1841"]
[PlyCount "42"]
[EventDate "2017.08.27"]

1. Nf3 d5 2. g3 Bg4 3. Bg2 Nd7 4. d4 e6 5. O-O Ngf6 6. Nbd2 Be7 7. c4 c6 8. h3
Bh5 9. Qb3 Qb6 10. c5 Qa6 11. Qe3 b6 12. b4 Qb5 13. g4 Bg6 14. g5 Ne4 15. Nxe4
Bxe4 16. Bd2 O-O 17. a4 Qa6 18. Rfc1 bxc5 19. Bf1 cxb4 20. Ne1 Qb7 21. f3 Bg6
0-1

[Event "Veletrzni turnaj 2017 A"]
[Site "SÅ  informatiky, poÅ¡tovnictvÃ"]
[Date "2017.09.03"]
[Round "9.9"]
[White "Licka, Vlastimil"]
[Black "Pribyl, Rene"]
[Result "0-1"]
[WhiteElo "1931"]
[BlackElo "1988"]
[PlyCount "90"]
[EventDate "2017.08.27"]

1. Nf3 d5 2. d4 Nf6 3. e3 Bf5 4. c4 e6 5. Nc3 c6 6. cxd5 exd5 7. Bd3 Bxd3 8.
Qxd3 Nbd7 9. O-O Be7 10. b3 O-O 11. Bb2 Re8 12. Nd2 a5 13. Rad1 Nb6 14. Ne2 a4
15. Ra1 Bb4 16. Bc3 Bd6 17. Ng3 g6 18. Rfe1 Qc7 19. Ngf1 h5 20. f3 axb3 21.
axb3 Rxa1 22. Rxa1 Nbd7 23. e4 dxe4 24. fxe4 Bf4 25. g3 Bh6 26. Re1 h4 27. Nf3
hxg3 28. hxg3 Nh5 29. e5 Nb6 30. Ba5 Ra8 31. Bxb6 Qxb6 32. e6 Bg7 33. exf7+
Kxf7 34. Qc4+ Kf8 35. Re4 Qb5 36. Qe6 Qf5 37. Qe7+ Kg8 38. N1d2 Nxg3 39. Re1
Rf8 40. Qe6+ Kh7 41. Kg2 Nh5 42. Rh1 Qxe6 43. Ng5+ Kg8 44. Nxe6 Nf4+ 45. Nxf4
Rxf4 0-1

[Event "Veletrzni turnaj 2017 A"]
[Site "SÅ  informatiky, poÅ¡tovnictvÃ"]
[Date "2017.09.03"]
[Round "9.10"]
[White "Veznik, Michael"]
[Black "Macurek, Miloslav"]
[Result "1-0"]
[WhiteElo "1797"]
[BlackElo "1854"]
[PlyCount "33"]
[EventDate "2017.08.27"]

1. d4 Nf6 2. Nc3 g6 3. e4 c6 4. Bd3 Bg7 5. f4 d6 6. h3 e5 7. Be3 exf4 8. Bxf4
Nh5 9. Be3 Ng3 10. Rh2 Qb6 11. Na4 Qb4+ 12. c3 Qa5 13. Bf4 Nh5 14. Bxd6 Qd8 15.
Bxb8 Qh4+ 16. g3 Nxg3 17. Nf3 1-0